| 000 | 00846nas a2200277 4500 | ||
|---|---|---|---|
| 001 | BR0900757 | ||
| 003 | BR-BrBNA | ||
| 005 | 20231205113111.0 | ||
| 007 | ta | ||
| 008 | 230509b bl.|||p| |||| 00| 00por d | ||
| 040 |
_aBR-BrBNA _bpor _cBiblioteca Nacional de Agricultura |
||
| 041 | _a(Pt) | ||
| 072 | _aF70 | ||
| 100 | 1 | _aRitter, M.R. | |
| 100 | 1 | _aBaptista, L.R. de M. | |
| 245 | 1 | _aLevantamento florístico da família Asteraceae na Casa de Pedra e áreas adjacentes, Bagé, Rio Grande do Sul. | |
| 650 | _aPLANTA | ||
| 650 | _aECOLOGIA | ||
| 650 | _aTAXONOMIA | ||
| 650 | _aCASA DE PEDRA | ||
| 650 | _aBAGÉ | ||
| 650 | _aRIO GRANDE DO SUL | ||
| 773 | 0 |
_tIheringia. Série Botânica (Brazil) _xISSN 0073-4705 _g(Jul-Dec 2005), v.60(1) p. 5-10 _wBR0900757 |
|
| 909 |
_a202311 _bLúcia _c55 _dLúcia Elande |
||
| 942 |
_2AGRIS _n0 _cANA |
||
| 999 |
_c201839 _d201839 |
||